000 00537nam a22001697a 4500
003 OSt
005 20260219161626.0
008 260219b |||||||| |||| 00| 0 eng d
040 _cMRSPTU
041 _aEnglish
100 _aAnil Kumar Sharma, Supervisor: Dr. Manjeet Bansal
245 _aAssessment of Bio Medical Waste Management in Haridwar City
260 _bDepartment of Civil Engg. MRSPTU, Bathinda
_c2019
650 _aCivil Engineering
856 _uhttp://163.47.215.52:8080/jspui/handle/123456789/319
942 _2ddc
_cTH
_n0
999 _c10970
_d10970